Statistics for Vukovarsko-srijemska Kviz

Click here to take the quiz!

General Stats

  • This quiz has been taken 109 times
  • The average score is 6 of 13

Answer Stats

SavjetOdgovor% Correct
Sjedište okrugaVukovar
97%
Granične zemljeSrbija
92%
Granične zemljeBosna i
Hercegovina
88%
Brojevi gradova5
75%
Granične županijeOsječko-
baranjska
74%
Granične županijeBrodsko-posavska
66%
Broj općine26
53%
Prosječna godišnja temperatura{11} ° C
46%
Dvije glavne rijeke koje protječu kroz
Vukovarsko-Srijemsku i graničnu zemlju br. 2
Save
9%
Dvije glavne rijeke koje protječu kroz
Vukovarsko-Srijemsku i graničnu zemlju br. 2
Dunava
8%
Najniža točkaSpačva
3%
Godina kada se prvi
put spominje Vukovarsko-srijemska
{1220} g.
2%
Najviši brežuljakČukala kod
Iloka
0%

Score Distribution

Percentile by Number Answered

Percent of People with Each Score

Your Score History

You have not taken this quiz